| 000 | 00673nam a22001697a 4500 | ||
|---|---|---|---|
| 003 | OSt | ||
| 005 | 20171010095440.0 | ||
| 008 | 120608t xxu||||| |||| 00| 0 eng d | ||
| 040 |
_aMMSU _cULS |
||
| 100 |
_aFriala, Rexie M., Tan, Analiza I. _910094 |
||
| 245 |
_aWe-based research management information system for higher education institution (Regions 1, 2 & Cordillera Administrative Region _cRexie M. Friala, Analiza I. Tan |
||
| 260 | _c2007 | ||
| 300 |
_axiii, [223] leaves _c28 cm. |
||
| 500 | _aThesis (BS Computer Science) -- Mariano Marcos State University-College of Arts and Sciences, Batac City | ||
| 504 | _aBibliography: leaf 67 | ||
| 942 |
_2ddc _cTHEDIS |
||
| 999 |
_c9541 _d9541 |
||